[Event "ITA-ch Seniors 31st"]
[Site "Arvier"]
[Date "2009.04.30"]
[Round "7"]
[White "Rotelli, Pietro"]
[Black "Pettarini, Renato"]
[Result "1-0"]
[WhiteElo "1970"]
[BlackElo "1738"]
[PlyCount "57"]
[EventDate "2009.04.24"]
[EventType "swiss"]
[EventRounds "9"]
[EventCountry "ITA"]
[SourceTitle "EXT 2011"]
[Source "ChessBase"]
[SourceDate "2010.11.26"]
[SourceVersion "1"]
[SourceVersionDate "2010.11.26"]
[SourceQuality "1"]

1. d4 Nf6 2. c4 e6 3. Nf3 b6 4. g3 Bb7 5. Bg2 d5 6. 0-0 Nbd7 7. b3 Be7 8. Bb2 0-0 9. Nc3 Rc8 10. Ne5 c5 11. e3 Ba6 12. Re1 cxd4 13. exd4 dxc4 14. Nc6 Qe8 15. bxc4 Nb8 16. Nxe7+ Qxe7 17. Bf1 Bxc4 18. Bxc4 Rxc4 19. d5 Rd8 20. Qb3 Rxc3 21. Qxc3 Rxd5 22. Rad1 Rc5 23. Qd3 Qe8 24. Qf3 Nbd7 25. Qb7 Ra5 26. a3 h6 27. Qc7 Nd5 28. Qb7 Nc5 29. Qxd5 1-0

[Event "ITA-ch Seniors 31st"]
[Site "Arvier"]
[Date "2009.04.27"]
[Round "5"]
[White "Lisandri, Luigi"]
[Black "Pettarini, Renato"]
[Result "0-1"]
[WhiteElo "1458"]
[BlackElo "1738"]
[PlyCount "66"]
[EventDate "2009.04.24"]
[EventType "swiss"]
[EventRounds "9"]
[EventCountry "ITA"]
[SourceTitle "EXT 2011"]
[Source "ChessBase"]
[SourceDate "2010.11.26"]
[SourceVersion "1"]
[SourceVersionDate "2010.11.26"]
[SourceQuality "1"]

1. c4 Nf6 2. Nf3 e6 3. Nc3 d5 4. cxd5 exd5 5. e3 c6 6. Be2 Bd6 7. d4 0-0 8. 0-0 Re8 9. Qc2 Qc7 10. h3 Nbd7 11. Bd3 Nf8 12. Bd2 h6 13. Rfe1 Be6 14. Re2 Rad8 15. Rae1 N8h7 16. e4 dxe4 17. Nxe4 Nxe4 18. Bxe4 Nf6 19. Bd3 Bd5 20. Rxe8+ Rxe8 21. Rxe8+ Nxe8 22. Nh4 Be7 23. Nf5 Bf6 24. Be3 Qd7 25. b3 Nd6 26. Nxd6 Qxd6 27. Qd2 Be6 28. Be4 a6 29. Bf4 Qxd4 30. Qc2 Qc3 31. Be3 Be5 32. Qe2 Qa1+ 33. Qf1 Bh2+ 0-1